[Event "Mistrovstvi Cech 2019 - HD12"]
[Site "Prichovice u Korenova"]
[Date "2019.10.30"]
[Round "6"]
[White "Tegda, Vojtech"]
[Black "Dobsa, Emma"]
[Result "0-1"]
[WhiteElo "1279"]
[BlackElo "1342"]
[PlyCount "52"]
[EventDate "2019.10.26"]

1. e4 e5 2. Nf3 Nc6 3. Bc4 Nf6 4. Ng5 d5 5. exd5 Na5 6. Bb5+ c6 7. dxc6 bxc6 8.
Be2 h6 9. Nh3 g5 10. d3 Bg7 11. Nc3 Bb7 12. Be3 c5 13. f3 Rc8 14. Ne4 Nd5 15.
Bxc5 Bf8 16. Bxa7 f5 17. Nd2 Nc6 18. Bf2 h5 19. Nb3 g4 20. fxg4 hxg4 21. Ng1
Nf4 22. Bf1 Nb4 23. Ne2 Nxc2+ 24. Kd2 Qxd3+ 25. Kc1 Ne3+ 26. Nc3 Qxd1# 0-1

[Event "Mistrovstvi Cech 2019 - HD12"]
[Site "Prichovice u Korenova"]
[Date "2019.10.30"]
[Round "6"]
[White "Langmaier, Michal"]
[Black "Dusanek, Michal"]
[Result "0-1"]
[WhiteElo "1189"]
[BlackElo "1467"]
[PlyCount "120"]
[EventDate "2019.10.26"]

1. d4 Nf6 2. c4 g6 3. g3 Bg7 4. Bg2 c6 5. Nf3 d5 6. cxd5 cxd5 7. O-O O-O 8. Nc3
Nc6 9. Re1 Ne4 10. Bf4 Bf5 11. Rc1 Rc8 12. h3 h5 13. Be3 Qd7 14. Kh2 Rfd8 15.
Nxe4 Bxe4 16. Qd2 a6 17. Red1 Rc7 18. Bf4 Rcc8 19. Be3 Rc7 20. Rc3 Rcc8 21.
Rdc1 Na7 22. Bh6 Rxc3 23. Rxc3 Rc8 24. Bxg7 Kxg7 25. Ne5 Qf5 26. Rxc8 Nxc8 27.
f3 Bb1 28. a3 f6 29. Nd3 Bxd3 30. Qxd3 Qxd3 31. exd3 Nd6 32. f4 e6 33. g4 hxg4
34. hxg4 f5 35. g5 Nb5 36. Kg3 Nxd4 37. Kf2 Kf7 38. Ke3 Nc6 39. d4 Ke7 40. Kd3
Kd6 41. Kc3 b5 42. b4 Kc7 43. Bh1 Na7 44. Bg2 Nc8 45. Kd3 Nd6 46. Kc3 Nc4 47.
Kb3 Ne3 48. Bf3 Nf1 49. Bg2 Ng3 50. Bf3 Kd7 51. Kc3 Ne4+ 52. Bxe4 dxe4 53. Kd2
Kd6 54. Ke2 Kd5 55. Ke3 Kc4 56. Ke2 Kxd4 57. Kd2 e3+ 58. Ke2 Ke4 59. Ke1 Kxf4
60. Ke2 Ke4 0-1

[Event "Mistrovstvi Cech 2019 - HD12"]
[Site "Prichovice u Korenova"]
[Date "2019.10.30"]
[Round "6"]
[White "Hejda, Ondrej"]
[Black "Garabik, Marek"]
[Result "0-1"]
[WhiteElo "1355"]
[BlackElo "1381"]
[PlyCount "50"]
[EventDate "2019.10.26"]

1. d4 d5 2. Nf3 Nf6 3. Bf4 e6 4. e3 c5 5. Nbd2 Nc6 6. Be2 cxd4 7. exd4 Bd6 8.
Be3 Qe7 9. O-O O-O 10. Bd3 e5 11. dxe5 Nxe5 12. Be2 Bg4 13. Re1 Nxf3+ 14. Nxf3
Bxf3 15. Bxf3 Rad8 16. Bb6 Qd7 17. Bxd8 Rxd8 18. Bxd5 Nxd5 19. Qxd5 Bxh2+ 20.
Kxh2 Qxd5 21. Re7 h6 22. Rae1 Qh5+ 23. Kg1 Rd1 24. R7e5 Qxe5 25. Rxd1 Qe2 0-1

[Event "Mistrovstvi Cech 2019 - HD12"]
[Site "Prichovice u Korenova"]
[Date "2019.10.30"]
[Round "6"]
[White "Velkoborsky, Tadeas"]
[Black "Bukvaj, Martin"]
[Result "0-1"]
[WhiteElo "1147"]
[BlackElo "1329"]
[PlyCount "112"]
[EventDate "2019.10.26"]

1. e4 d5 2. exd5 Nf6 3. d4 Nxd5 4. c4 Nb6 5. Nc3 Bf5 6. Nf3 e6 7. Be2 Be7 8.
O-O O-O 9. Bf4 Nc6 10. d5 exd5 11. cxd5 Nb4 12. Qb3 N6xd5 13. Nxd5 Qxd5 14. Bc4
Qa5 15. Bd2 Qb6 16. Be3 c5 17. Ne5 Be6 18. Bxe6 Qxe6 19. Qxe6 fxe6 20. Nd7 Rfc8
21. Rfc1 b6 22. a3 Nd5 23. b4 Rc7 24. Ne5 Nxe3 25. fxe3 Bf6 26. Nd3 Bxa1 27.
Rxa1 c4 28. Rc1 Rac8 29. Nf4 Kf7 30. Kf1 Rd7 31. Ke1 e5 32. Nh3 h6 33. Ke2 c3
34. Rc2 g5 35. Ng1 e4 36. Nh3 a5 37. Nf2 axb4 38. axb4 Rd2+ 39. Rxd2 cxd2 40.
Kxd2 Rc4 41. b5 Rb4 42. Kc3 Rxb5 43. Nxe4 Ke6 44. Ng3 Ke5 45. e4 Rc5+ 46. Kd3
b5 47. Nf5 h5 48. g3 b4 49. Nh6 b3 50. Nf7+ Kf6 51. Nd6 b2 52. Ne8+ Ke7 53. Ng7
b1=Q+ 54. Ke3 Rc3+ 55. Kd4 Qb4+ 56. Ke5 Rc5# 0-1

[Event "Mistrovstvi Cech 2019 - HD14"]
[Site "Prichovice u Korenova"]
[Date "2019.10.30"]
[Round "6"]
[White "Prochazka, Vojtech"]
[Black "Hlavina, Matous"]
[Result "1/2-1/2"]
[WhiteElo "1763"]
[BlackElo "1983"]
[EventDate "2019.10.26"]

1. e4  e6  2. d4  d5
3. Nd2  Nc6  4. c3
e5  5. dxe5  Nxe5
6. Ndf3  Nxf3+  7. Nxf3
Nf6  8. exd5  Nxd5
9. Bc4  Qe7+  10. Be2
Qd6  11. O-O  Be7
12. Qb3  Nb6  13. Nd4
O-O  14. Bf3  c6
15. Be3  Qg6  16. Rfe1
Bg4  17. Bxg4  Qxg4
18. Nxc6  bxc6  19. Bxb6
Bd6  20. Bd4  Qg6
21. Qc4  h6  22. g4
Rfc8  23. b4  a5
24. Bc5  axb4  25. cxb4
Ra4  26. a3  Rca8
27. Re3  Bxc5  28. Qxc5
Qf6  29. Rc1  R4a6
30. Qc3  Qd6  31. Qb2
Qd7  32. Rce1  R6a7
33. Qc1  Qd6  34. Qc2
Rf8  35. Qb3  Rfa8
36. Qc2  Rf8  37. Qd3
Qf6  38. Re8  Ra8
39. Rxf8+  Rxf8  40. a4
Qb2  41. Rb1  Qa2
42. Qb3  Qe2  43. b5
cxb5  44. axb5  Rb8
45. b6  Qa6  46. b7
Qc6  47. Qb6  Qxb6
48. Rxb6  Kf8  49. f4
Ke7 50. Kf2  Kd7  51. Ke3
Kc7  52. Rb2 Rxb7 53. Rd2  Rb6
54. Ke4  Rd6  55. Ra2
Kd7  56. Ra7+  1/2-1/2

[Event "Mistrovstvi Cech 2019 - HD14"]
[Site "Prichovice u Korenova"]
[Date "2019.10.30"]
[Round "6"]
[White "Hak, David"]
[Black "Soucek, Petr"]
[Result "1-0"]
[WhiteElo "2018"]
[BlackElo "1816"]
[EventDate "2019.10.26"]

1. d4  Nf6  2. c4  g6
3. Nc3  d5  4. Nf3
Bg7  5. Qb3  c6
6. Bg5  Ne4  7. cxd5  Nxg5
8. Nxg5  O-O  9. Nf3
Na6  10. e3  cxd5
11. Qxd5  Qb6  12. Qb5
Nb4 13. Rc1  Bf5  14. a3
Qxb5  15. Bxb5  Nd3+
16. Bxd3  Bxd3  17. Nd5
e6  18. Kd2  Be4
19. Ne7+  Kh8  20. Rc7
Bf6  21. Rhc1  Rae8
22. Nc8  Bc6  23. Nxa7
Bd8  24. R7xc6  bxc6
25. Nxc6  Bf6  26. Nfe5
Bxe5  27. Nxe5  Rb8
28. b4  Ra8  29. Ra1
Kg7  30. a4  Rfc8
31. Nd7  Ra7  32. Nc5
Kf6  33. b5  Rb8
34. Kc3  Rxb5  35. axb5
Rxa1  36. b6  Ra8
37. b7  1-0

[Event "Mistrovstvi Cech 2019 - HD14"]
[Site "Prichovice u Korenova"]
[Date "2019.10.30"]
[Round "6"]
[White "Stejskal, Michal"]
[Black "Stocek, Martin"]
[Result "1/2-1/2"]
[WhiteElo "1691"]
[BlackElo "1726"]
[EventDate "2019.10.26"]

1. Nf3  Nf6  2. b3  d5
3. Bb2  Bf5  4. g3
e6  5. Bg2  c6
6. O-O  Nbd7  7. d3  Bd6
8. Re1  Bg4  9. Nbd2
Qc7  10. e4  dxe4
11. dxe4  Ne5  12. h3
Nxf3+  13. Nxf3  Bxf3
14. Qxf3  Be5  15. c3
O-O  16. Qe3  Qb6
17. Qxb6  axb6  18. f4
Bd6  19. b4  Be7
20. a3  Rfd8  21. Rad1
b5  1/2-1/2

[Event "Mistrovstvi Cech 2019 - HD14"]
[Site "Prichovice u Korenova"]
[Date "2019.10.30"]
[Round "6"]
[White "Werner, Hong Quan Dan"]
[Black "Jirasko, Miroslav"]
[Result "1/2-1/2"]
[WhiteElo "1699"]
[BlackElo "1640"]
[EventDate "2019.10.26"]

1. e4  d5  2. exd5  Qxd5
3. Nc3  Qa5  4. Bc4
Nf6  5. d3  Bg4
6. f3  Bh5  7. Nge2  Nbd7
8. O-O  c6  9. Kh1
e6  10. Ng3  Bg6
11. Bf4  Be7  12. Nce4
O-O  13. Bd2  Qc7
14. f4  Nc5 15. Nxf6+  Bxf6
16. Bb4  Be7  17. f5
exf5  18. Nxf5  a5
19. Nxe7+  Qxe7  20. Bxc5
Qxc5  21. a3  Rae8
22. Qf3  Qe3  23. Qxe3
Rxe3  24. Rae1  Rfe8
25. Rxe3  Rxe3  26. Kg1
Re2  27. Rf2  Re1+
28. Rf1 Re2 29. Rf2 Re1+ 30. Rf1 Rxf1+ 31. Kxf1 1/2-1/2

[Event "Mistrovstvi Cech 2019 - HD14"]
[Site "Prichovice u Korenova"]
[Date "2019.10.30"]
[Round "6"]
[White "Dolensky, Filip"]
[Black "Vilimek, Vit"]
[Result "0-1"]
[WhiteElo "1609"]
[BlackElo "1631"]
[EventDate "2019.10.26"]

1. e4 c5 2. Nc3 Nc6 3. Bb5 g6 4. Bxc6 dxc6 5. f4 Bg7 6. Nf3 e6 7. d3 Ne7 8. Be3
Bd4 9. Bxd4 cxd4 10. Ne2 c5 11. O-O b6 12. Qe1 Bb7 13. a4 Nc6 14. Nd2 Ba6 15. Qg3
Qe7 16. Qf3 O-O-O 17. Rfc1 f6 18. Nb3 e5 19. Nd2 g5 20. fxg5 fxg5 21. Ng3 Rdf8
22. Qg4+ Kb8 23. Rf1 Nb4 24. Nf5 Bc8 25. Qf3 Bxf5 26. exf5 Nxc2 27. f6 Rxf6 28.
Qxf6 Qxf6 29. Rxf6 Nxa1 30. Re6 Nc2 31. Nc4 Nb4 32. Nxe5 Kc7 33. Kf2 Rf8+ 34. Ke2
Nd5 35. g3 Nf6 36. g4 Nd5 37. Rc6+ Kb7 38. Rd6 Nf4+ 39. Kd2 Re8 40. Nf3 Re2+ 41.
Kd1 Rxb2 42. Rd7+ Ka6 43. Rxh7 Nxd3 44. Nd2 Nf2+ 45. Kc1 Ra2 46. h4 Ra1+ 47. Nb1
d3 48. Kb2 Rxa4 49. hxg5 Rxg4 50. Rg7 Ne4 0-1

[Event "Mistrovstvi Cech 2019 - HD14"]
[Site "Prichovice u Korenova"]
[Date "2019.10.30"]
[Round "6"]
[White "Smolik, Jachym"]
[Black "Duriancik, Michal"]
[Result "1-0"]
[WhiteElo "1900"]
[BlackElo "1593"]
[EventDate "2019.10.26"]

1. d4  Nf6  2. Nf3  d5
3. c4  e6  4. Nc3
Be7  5. Bf4  c6
6. e3  O-O  7. Bd3  Nbd7
8. h3  Re8  9. O-O
Nf8  10. Rc1  Ng6
11. Bh2  Bd6  12. Ne5
Qc7  13. cxd5  Bxe5
14. dxe5  Nxe5  15. d6
Qa5  16. b4  Qxb4
17. Bxe5  Nd7  18. Bg3
Nc5  19. Nb1  Nxd3
20. Qxd3  Bd7  21. Nc3
Rac8  22. Rb1  1-0

[Event "Mistrovstvi Cech 2019 - HD14"]
[Site "Prichovice u Korenova"]
[Date "2019.10.30"]
[Round "6"]
[White "Vaclavik, Jan"]
[Black "Svacina, Tobias"]
[Result "1-0"]
[WhiteElo "1797"]
[BlackElo "1538"]
[EventDate "2019.10.26"]

1. e4 e5 2. Nf3 Nc6 3. Bb5 f5 4. d3 fxe4 5. dxe4 Nf6 6. Qe2 d6 7. h3 h6 8. O-O
Be6 9. Rd1 Qc8 10. Nc3 a6 11. Ba4 b5 12. Bb3 Be7 13. Nd5 O-O 14. a4 b4 15. Nxc7
Bxb3 16. Nxa8 Bxc2 17. Qxc2 Qxa8 18. Be3 Nd8 19. Qb3+ Nf7 20. Qxb4 Nxe4 21. Nd2
Nfg5 22. h4 Rb8 23. Qc4+ d5 24. Qa2 Nxd2 25. Rxd2 Nf7 26. Rxd5 Rxb2 27. Qc4 Rb4
28. Qd3 Rxh4 29. Rd7 Qe8 30. Qd5 Bf6 31. Rc1 Rxa4 32. Rxf7 1-0

[Event "Mistrovstvi Cech 2019 - HD14"]
[Site "Prichovice u Korenova"]
[Date "2019.10.30"]
[Round "6"]
[White "Prazak, Daniel"]
[Black "Benes, Jachym"]
[Result "1-0"]
[WhiteElo "1725"]
[BlackElo "1656"]
[EventDate "2019.10.26"]

1. d4  d5  2. c4  e6
3. Nf3  Nf6  4. g3
Be7  5. Bg2  O-O
6. O-O  c6  7. Qc2
Nbd7  8. Nbd2  b6
9. b3  Bb7  10. Bb2
Rc8  11. e4  c5
12. e5  Ne8  13. Rfe1  Nc7
14. Rad1  dxc4 15. Nxc4  cxd4
16. Ng5  Bxg5  17. Bxb7
Rb8  18. Be4  h6
19. Rxd4  Nb5  20. Rd3
Qc8  21. a4  Nc5
22. axb5  Nxd3  23. Qxd3
Rd8  24. Nd6  Qc5
25. Ra1  Rd7  26. Bc6
Rc7  27. Ra4  1-0

[Event "Mistrovstvi Cech 2019 - HD14"]
[Site "Prichovice u Korenova"]
[Date "2019.10.30"]
[Round "6"]
[White "Winter, Ondrej"]
[Black "Dedek, Jan"]
[Result "1-0"]
[WhiteElo "1806"]
[BlackElo "1542"]
[EventDate "2019.10.26"]

1. e4  c5  2. Nf3  Nc6
3. Bb5  g6  4. O-O
Bg7  5. c3  Nf6
6. Re1  O-O  7. d4  cxd4
8. cxd4  a6 9. Ba4  d6
10. h3  Bd7  11. Nc3
Rc8  12. Bf4  Qb6
13. Bb3  Na5  14. e5
Nh5  15. Nd5  Qd8
16. exd6  e6  17. Bg5
f6  18. Ne7+  Kh8
19. Bd2  Rb8  20. g4
Nxb3  21. Qxb3  Be8
22. gxh5  Qxd6  23. Qxe6
1-0

[Event "Mistrovstvi Cech 2019 - HD14"]
[Site "Prichovice u Korenova"]
[Date "2019.10.30"]
[Round "6"]
[White "Valdman, Jakub"]
[Black "Papousek, Michal"]
[Result "1-0"]
[WhiteElo "1357"]
[BlackElo "1717"]
[EventDate "2019.10.26"]

1. e4  c5  2. Nf3  e6
3. d4  cxd4  4. Nxd4
Qb6  5. Be2  Bc5
6. c3  e5  7. Nf5
Bxf2+  8. Kf1  Ne7
9. Nxg7+  Kf8  10. Nh5
Bh4  11. g3  Bf6
12. Nxf6  Qxf6+  13. Kg2
d6  14. Be3  Nbc6
15. Nd2  Qg6  16. Bh5
Qe6  17. Rf1  Ng6
18. Kh1  h6  19. Nc4
Kg7  20. Nxd6  Rd8
21. Nf5+  Kh7  22. Qc2
Rf8  23. Nxh6  Qh3
24. Qe2  Be6  25. Nf5
Bxf5  26. exf5  Nge7
27. Bg4  1-0

[Event "Mistrovstvi Cech 2019 - HD14"]
[Site "Prichovice u Korenova"]
[Date "2019.10.30"]
[Round "6"]
[White "Pecka, Jan"]
[Black "Simunek, Jakub Simon"]
[Result "1/2-1/2"]
[WhiteElo "1634"]
[BlackElo "1543"]
[EventDate "2019.10.26"]

1. d4 d5 2. Bg5 c6 3. Nf3 Bg4 4. e3 Qc7 5. Bd3 e6 6. Bf4 Bd6 7. Bxd6 Qxd6 8. O-O
Nf6 9. c4 O-O 10. Nc3 Nbd7 11. cxd5 exd5 12. Rb1 Rae8 13. Be2 Bf5 14. Bd3 Ne4 15.
Nh4 Bg6 16. Nxg6 hxg6 17. Qc2 Ndf6 18. b4 Ng4 19. g3 f5 20. b5 g5 21. bxc6 Qh6
22. h4 gxh4 23. Nxd5 bxc6 24. Bxe4 fxe4 25. Nf4 hxg3 26. fxg3 g5 27. Qe2 gxf4 28.
Qxg4+ Kh8 29. Rxf4 Rg8 30. Qh4 Qxh4 31. Rxh4+ Kg7 32. Rg4+ Kf6 33. Rxg8 Rxg8 34.
Kg2 Rg5 35. Rc1 Ra5 36. Rxc6+ Kf7 37. Kh3 Ra3 38. Kg4 Rxe3 39. Rc7+ Ke6 40. Rxa7
Rd3 41. Kf4 Rxd4 42. g4 e3+ 43. Kxe3 1/2-1/2

[Event "Mistrovstvi Cech 2019 - HD14"]
[Site "Prichovice u Korenova"]
[Date "2019.10.30"]
[Round "6"]
[White "Zalusky, Matej"]
[Black "Madle, Robin"]
[Result "1/2-1/2"]
[WhiteElo "1617"]
[BlackElo "1481"]
[EventDate "2019.10.26"]

1. e4  e5  2. Bc4  Nc6
3. Nf3  Nf6  4. Nc3
Nxe4  5. Nxe4  d5
6. Bxd5  Qxd5  7. Nc3
Qd8  8. h3  Bc5
9. Qe2  O-O  10. d3  Nd4
11. Qd1  b6  12. O-O
Re8  13. Re1  Bb7
14. Ne4  Nxf3+  15. Qxf3
Kh8  16. Qh5  Bxe4
17. Rxe4  Qf6  18. Be3
Bxe3  19. Rxe3  e4
20. c3  exd3  21. Rxd3
Re6  22. Qf3  Qxf3
23. Rxf3  Re7  24. Rd1
Kg8  25. Rfd3  Kf8
1/2-1/2

[Event "Mistrovstvi Cech 2019 - HD14"]
[Site "Prichovice u Korenova"]
[Date "2019.10.30"]
[Round "6"]
[White "Juchelka, Marek"]
[Black "Markova, Karolina"]
[Result "1-0"]
[WhiteElo "1604"]
[BlackElo "1455"]
[EventDate "2019.10.26"]

1. e4  e5  2. Nf3  Nf6
3. Nc3  Nc6  4. d4
exd4  5. Nxd4  Bb4
6. Nxc6  dxc6  7. Qxd8+
Kxd8  8. Bg5  Bxc3+
9. bxc3  h6  10. O-O-O+
Ke7  11. Bf4  Be6
12. f3  Rac8  13. Kb2
Rhe8  14. g4  Nd7
15. Be3  Kf8  16. Be2
Nb6  17. Bxb6  cxb6
18. f4  f6  19. h4
Rcd8  20. g5  Rxd1
21. Rxd1  hxg5  22. hxg5
fxg5  23. fxg5  Bf7
24. Rf1  Kg8  25. g6
Bxg6  26. Bc4+  Kh8
27. Rh1+  Bh7  28. Bf7
Rf8  29. Bg6  Rf6
30. Bxh7  Rh6  31. Rxh6
gxh6  32. Bf5  Kg7
33. e5  c5  34. Bc8
Kf7  35. Bxb7  Ke6
36. Kb3  Kxe5  37. Kc4
Kd6  38. Kb5  Kc7
39. Bf3  1-0

[Event "Mistrovstvi Cech 2019 - HD14"]
[Site "Prichovice u Korenova"]
[Date "2019.10.30"]
[Round "6"]
[White "Pejrimovska, Viola Ruby"]
[Black "Sulcova, Tereza Radmila"]
[Result "0-1"]
[WhiteElo "1583"]
[BlackElo "1369"]
[EventDate "2019.10.26"]

1. e4 e6 2. Nf3 d5 3. e5 c5 4. b4 Nc6 5. bxc5 Bxc5 6. d4 Be7 7. c3 f6 8. Nh4 g6
9. Nf3 fxe5 10. dxe5 Qc7 11. Be3 Nxe5 12. Nxe5 Qxe5 13. Bb5+ Kd8 14. O-O Bd6 15.
g3 Qf6 16. f4 b6 17. Bd4 Bc5 18. Kg2 Bxd4 19. cxd4 Ne7 20. Qd3 Nf5 21. Rd1 g5 22.
g4 Nh4+ 23. Kh3 gxf4 24. Qa3 e5 25. Rg1 h5 26. dxe5 Bxg4+ 27. Rxg4 hxg4+ 28. Kxg4
Rg8+ 29. Kh3 Qf5+ 30. Kxh4 Qg4# 0-1

[Event "Mistrovstvi Cech 2019 - HD14"]
[Site "Prichovice u Korenova"]
[Date "2019.10.30"]
[Round "6"]
[White "Pejrimovsky, Tadeas Rubel"]
[Black "Zelbova, Lada"]
[Result "0-1"]
[WhiteElo "1444"]
[BlackElo "1571"]
[EventDate "2019.10.26"]
[PlyCount "52"]

1. e4 e6 2. Nf3 c5 3. b4 cxb4 4. d4 d5 5. e5 Nc6 6. a3 bxa3 7. c3 Bd7 8. Nxa3
Rc8 9. Bd3 f6 10. Nh4 g6 11. Nxg6 hxg6 12. Bxg6+ Ke7 13. Nb5 Be8 14. Bxe8 Kxe8
15. f4 a6 16. Nd6+ Bxd6 17. exd6 Qxd6 18. O-O Rc7 19. Ba3 Qd7 20. Qf3 Qh7 21.
Qg3 Rg7 22. Qf3 Qxh2+ 23. Kf2 Qh4+ 24. Kg1 Qg3 25. Qe2 Qh2+ 26. Kf2 Rxg2+ 0-1

[Event "Mistrovstvi Cech 2019 - HD14"]
[Site "Prichovice u Korenova"]
[Date "2019.10.30"]
[Round "6"]
[White "Sip, Marek"]
[Black "Pisar, Tomas"]
[Result "1-0"]
[WhiteElo "1553"]
[BlackElo "1355"]
[EventDate "2019.10.26"]
[PlyCount "49"]

1. d4 Nf6 2. c4 g6 3. Nc3 d5 4. cxd5 Nxd5 5. e4 Nxc3 6. bxc3 Bg7 7. Bb5+ Bd7 8.
Be2 c5 9. Nf3 Nc6 10. O-O cxd4 11. cxd4 O-O 12. Rb1 b6 13. Bb2 Rc8 14. d5 Na5
15. Bxg7 Kxg7 16. Qd2 Kg8 17. Qh6 f6 18. Qd2 Ba4 19. Nd4 e5 20. Ne6 Rc2 21. Qb4
Qe8 22. Bd3 Rf7 23. Bxc2 Bxc2 24. Rbc1 Ba4 25. Qxa4 1-0

[Event "Mistrovstvi Cech 2019 - HD14"]
[Site "Prichovice u Korenova"]
[Date "2019.10.30"]
[Round "6"]
[White "Caba, Adam"]
[Black "Le, Anh Dung"]
[Result "1/2-1/2"]
[WhiteElo "1399"]
[BlackElo "1575"]
[EventDate "2019.10.26"]
[PlyCount "35"]

1. d4 d5 2. c4 e6 3. Nc3 Nf6 4. Bf4 c5 5. e3 Nc6 6. Nf3 dxc4 7. Bxc4 cxd4 8.
exd4 Be7 9. O-O a6 10. a3 O-O 11. Re1 Re8 12. Ba2 Nd5 13. Nxd5 exd5 14. Qb3 Bf6
15. Rxe8+ Qxe8 16. Re1 Qf8 17. Bd6 Qd8 18. Bc7 1/2-1/2

[Event "Mistrovstvi Cech 2019 - HD14"]
[Site "Prichovice u Korenova"]
[Date "2019.10.30"]
[Round "6"]
[White "Bednar, Milos"]
[Black "Svejda, Karel"]
[Result "0-1"]
[WhiteElo "1573"]
[BlackElo "1389"]
[EventDate "2019.10.26"]
[PlyCount "122"]

1. e4 c5 2. Nf3 e6 3. d4 cxd4 4. Nxd4 Nf6 5. Bg5 Be7 6. Bxf6 Bxf6 7. Nc3 Nc6 8.
Ndb5 O-O 9. Nd6 Qc7 10. Nxc8 Raxc8 11. Nb5 Qa5+ 12. c3 Be5 13. Be2 Rfd8 14. Nd6
Bxd6 15. Qxd6 Qe5 16. Qxe5 Nxe5 17. O-O-O d6 18. Rd4 Rd7 19. Rhd1 Rcd8 20. f4
Nc6 21. R4d2 Ne7 22. Bb5 Nc6 23. c4 a6 24. Ba4 Kf8 25. Rd3 Ke7 26. R1d2 Rc7 27.
Rc3 Na5 28. Rdc2 Rdc8 29. b4 Nxc4 30. b5 Kd8 31. bxa6 bxa6 32. Rg3 g6 33. Rh3
h5 34. f5 Ne5 35. Kd2 Rxc2+ 36. Bxc2 Ke7 37. Rb3 Kf6 38. fxg6 fxg6 39. Kc1 Rc6
40. Kd1 Kg5 41. Bb1 Kf4 42. a4 Nc4 43. Ke2 Rb6 44. Rf3+ Ke5 45. Bc2 Rb2 46. Kd3
Na3 47. Bd1 Rxg2 48. Rg3 Rxg3+ 49. hxg3 a5 50. Bb3 d5 51. exd5 exd5 52. Ba2 Nc4
53. Bxc4 dxc4+ 54. Kxc4 g5 55. Kb5 Kd5 56. Kxa5 Kc6 57. Ka6 h4 58. gxh4 gxh4
59. Ka7 h3 60. a5 h2 61. a6 h1=Q 0-1

[Event "Mistrovstvi Cech 2019 - HD14"]
[Site "Prichovice u Korenova"]
[Date "2019.10.30"]
[Round "6"]
[White "Rezek, Filip"]
[Black "Martinkova, Magdalena"]
[Result "1-0"]
[WhiteElo "1368"]
[BlackElo "1519"]
[EventDate "2019.10.26"]
[PlyCount "43"]

1. d4 Nf6 2. c4 g6 3. Nc3 Bg7 4. e4 d6 5. Be3 O-O 6. Bd3 e5 7. d5 Nbd7 8. Nf3
Ne8 9. Qc2 f5 10. exf5 gxf5 11. Bxf5 Nef6 12. Ng5 h6 13. Ne6 Qe8 14. Nxf8 Nxf8
15. Bxc8 Rxc8 16. O-O Qh5 17. Ne2 Ng4 18. h3 Nxe3 19. fxe3 Qg5 20. Qf5 Qxe3+
21. Rf2 Re8 22. Qf7+ 1-0

[Event "Mistrovstvi Cech 2019 - HD16"]
[Site "Prichovice u Korenova"]
[Date "2019.10.30"]
[Round "6"]
[White "Hejsek, Lukas"]
[Black "Jares, Michal"]
[Result "1/2-1/2"]
[WhiteElo "1887"]
[BlackElo "1922"]
[EventDate "2019.10.26"]

1. d4  Nf6  2. Nf3  g6
3. c4  Bg7  4. g3
O-O  5. Bg2  d6
6. O-O  Nc6  7. d5  Na5
8. Nfd2  b6  9. Nc3
Ba6  10. Qa4  Qd7
11. Nb5  Bxb5  12. cxb5
a6  13. b4  axb5
14. Qc2  Nc4  15. Rb1
Na3  16. Bxa3  Rxa3
17. Rb3  Rfa8  18. Rxa3
Rxa3  19. Rc1  Ne8
20. Nb3  Ra4  21. Qd2
Qc8  22. Rc2  Qa8
23. e4  Qa7  24. Bf1
Nf6  25. f3  Nh5
26. Bxb5  Ra3  27. Kg2
e5  28. Nc1  Qb8
29. Nb3  Qd8  30. Qc1
Ra7  31. a4  f5
32. a5  bxa5  33. Nxa5  fxe4
34. fxe4  Qb8  35. Nc6 Qxb5
36. Nxa7  Qd3  37. Rxc7
Qxe4+  38. Kg1  Qd4+
39. Kf1  Qd3+  40. Kf2
Qd4+  41. Kf1  Qd3+
42. Kf2  Qd4+  43. Qe3
Qb2+  44. Qe2  Qxb4
45. Rc8+  Kf7  46. Qf3+
Nf6  47. Rc7+  Kg8
48. Rc8+  Kf7  49. Rc7+
Kg8  50. Rc8+  Kf7
51. Ke3 1/2-1/2

[Event "Mistrovstvi Cech 2019 - HD16"]
[Site "Prichovice u Korenova"]
[Date "2019.10.30"]
[Round "6"]
[White "Skypala, Ondrej"]
[Black "Habenicht, Martin"]
[Result "1/2-1/2"]
[WhiteElo "2016"]
[BlackElo "1839"]
[EventDate "2019.10.26"]

1. d4  Nf6  2. Bf4  e6
3. Nf3  b6  4. Nbd2
Bb7  5. e3  d6
6. Bd3  h6  7. h3  Nbd7
8. O-O  Qe7  9. Bh2
g5  10. e4  Bg7
11. e5  dxe5  12. Nxe5  O-O-O
13. Qe2  Nxe5  14. Bxe5
Ne8  15. Bxg7  Nxg7
16. c3  Kb8  17. Be4
Bxe4  18. Qxe4  f5
19. Qe2  Rhe8  20. Nc4
c5  21. Ne5  Qc7
22. Rfd1  Rd5  23. Rac1
Red8  24. Qf3  c4
25. b3  cxb3  26. axb3
Ne8  27. c4  R5d6
28. d5  Rc8  29. Ra1
a5  30. b4  axb4
31. Nc6+  Rxc6  32. dxc6
Nd6  33. Qe2  Qxc6
34. Qxe6  Nxc4  35. Qxf5
b3  36. Rab1  b2
37. Rd3  Qa4  38. Qe4
Re8  39. Qf3  Qc2
40. Qg3+  1/2-1/2

[Event "Mistrovstvi Cech 2019 - HD16"]
[Site "Prichovice u Korenova"]
[Date "2019.10.30"]
[Round "6"]
[White "Hosnedl, Matyas"]
[Black "Kulhanek, Jachym"]
[Result "1-0"]
[WhiteElo "1930"]
[BlackElo "1777"]
[EventDate "2019.10.26"]

1. e4  c5  2. Nf3  Nc6
3. Nc3  e5  4. Bc4
g6  5. d3  Bg7
6. Bg5  Nf6  7. Nd2  O-O
8. Nf1  a6  9. a4
d6  10. Ne3  Be6
11. O-O  Rb8  12. Qd2
Na5  13. Rad1  h6
14. Bh4  Nxc4  15. dxc4
Nxe4  16. Bxd8  Nxd2
17. Rxd2  Rbxd8  18. Rfd1
Rd7  19. Rxd6  Rfd8
20. Ne4  Rxd6  21. Rxd6
Rxd6  22. Nxd6  b6
23. Nd5  Bf8  24. Ne4
f5  25. Nec3  Bd6
26. Nxb6  e4  27. a5
Kf7  28. Ncd5  g5
29. c3  f4  30. Kf1
h5  31. b4  cxb4
32. cxb4  Bxd5  33. Nxd5
Ke6  34. b5  axb5
35. a6  Bc5  36. Nc7+
Kd6  37. Nxb5+  Kc6
38. a7  Bxa7  39. Nxa7+
Kc5  40. Ke2  g4
41. g3  fxg3  42. hxg3
Kxc4  43. Ke3  1-0

[Event "Mistrovstvi Cech 2019 - HD16"]
[Site "Prichovice u Korenova"]
[Date "2019.10.30"]
[Round "6"]
[White "Ret, Adam Josef"]
[Black "Pors, Jaroslav"]
[Result "1-0"]
[WhiteElo "2047"]
[BlackElo "1850"]
[EventDate "2019.10.26"]

1. d4  Nf6  2. c4  g6
3. Nc3  Bg7  4. e4
d6  5. Bd3  O-O
6. Nge2  c5  7. d5  e6
8. O-O  exd5  9. exd5
Re8  10. Ng3  Na6
11. Bf4  Nc7  12. a4
Ng4  13. h3  Ne5
14. Re1  Na6  15. Qd2
Nb4  16. Bf1  a6
17. Rad1  f5  18. Bg5
Bf6  19. Bxf6  Qxf6
20. f4  Qh4  21. Nh1
1-0

[Event "Mistrovstvi Cech 2019 - HD16"]
[Site "Prichovice u Korenova"]
[Date "2019.10.30"]
[Round "6"]
[White "Nemec, Jachym"]
[Black "Jirousek, Jan"]
[Result "1-0"]
[WhiteElo "1845"]
[BlackElo "2034"]
[EventDate "2019.10.26"]

1. e4  c6  2. d4  d5
3. exd5  cxd5  4. Nf3
Nc6  5. c4  Nf6
6. Nc3  Be6  7. c5  g6
8. Be2  Bg7  9. O-O
O-O  10. a3  a5
11. Na4  Qc7  12. Be3  Rad8
13. Qc1  Nd7  14. h3
Bf5  15. Nc3  Be4
16. Nb5  Qc8  17. Ng5
Bf5  18. g4  Be6
19. f4  Nf6  20. Bd3
Ne4  21. Nxe6  Qxe6
22. f5  Qd7  23. Qc2
Nf6  24. Rae1  Ne8
25. g5  Bh8  26. fxg6
hxg6  27. Bxg6  Qxh3
28. Bf5  Qg3+  29. Kh1
Bg7  30. Re2  e6
31. Bh7+  Kh8  32. Rh2
f5  33. gxf6  Rxf6
34. Bf5+  Kg8  35. Bxe6+
Kf8  36. Bf4  Rxf4
37. Rxf4+  Nf6  38. Qf2
Qxf2  39. Rhxf2  Ke7
40. Bf5  Rh8+  41. Kg2
Bh6  42. Re2+  Kd8
43. Rf3  Rg8+  44. Rg3
Rxg3+  45. Kxg3  Nh5+
46. Kf3  Bg7  47. Bg6
Nf6  48. Kf4  Ne7
49. Bd3  Bh6+  50. Ke5
Ng4+  51. Ke6  Ne3
52. Rh2  Bg7  53. Rh7
Bf8  54. Rh8  1-0